An experimental and theoretical comparison of rotordynamic coefficients for sawtooth-pattern damper seals /

Bibliographic Details
Main Author: Nolan, Steven Anthony, 1963-
Format: Thesis eBook
Language:English
Published: [Place of publication not identified] : [publisher not identified] ; 1987.
Subjects:
Online Access:Link to OAKTrust copy

MARC

Tag First Indicator Second Indicator Subfields
LEADER 00000cam a2200000 a 4500
001 in00000019364
005 20220103115023.0
007 cr unu a
008 880722s1987 xx a b 00010 eng d
035 |9 AAB4459AM 
035 |a (OCoLC)18261950 
040 |a TXA  |c TXA  |d UtOrBLW 
049 |a TXAZ [Also in] [Archives]  |c 1 [A10994949], 2 [A10994999] 
099 |a 1987  |a Thesis  |a N789 
100 1 |a Nolan, Steven Anthony,  |d 1963- 
245 1 3 |a An experimental and theoretical comparison of rotordynamic coefficients for sawtooth-pattern damper seals /  |c by Steven Anthony Nolan. 
264 1 |a [Place of publication not identified] :  |b [publisher not identified] ;  |c 1987. 
300 |a xii, 71 leaves :  |b illustrations ;  |c 29 cm. 
336 |a text  |b txt  |2 rdacontent 
337 |a computer  |b c  |2 rdamedia 
338 |a online resource  |b cr  |2 rdacarrier 
500 |a "Major subject: Mechanical Engineering." 
500 |a Typescript (photocopy). 
500 |a Vita. 
502 |b M.S.  |c Texas A&M University  |d 1987. 
504 |a Bibliography: leaves 60-61. 
530 |a Also available online. 
650 0 |a Centrifugal pumps  |x Performance  |x Testing. 
650 0 |a Rotors  |x Dynamics. 
650 0 |a Turbomachines  |x Vibration. 
650 4 |a Major mechanical engineering. 
856 4 1 |u https://hdl.handle.net/1969.1/ETD-TAMU-1987-THESIS-N789  |z Link to OAKTrust copy  |t 0 
999 |a MARS 
999 f f |s 12cfe301-446b-3879-ad84-7bf540c055f3  |i 19b1b48c-4e0c-3fc8-a0ac-b56414a3f7c0  |t 0 
952 f f |p noncirc  |a Texas A&M University  |b J.J. Pickle Campus  |c High Density Repository  |s HDR  |d Remote Storage  |t 0  |e 1987 Thesis N789  |h Other scheme  |i computer -- online resource  |m A14839620101 
952 f f |a Texas A&M University  |b College Station  |c Electronic Resources  |s www_evans  |d Available Online  |t 0  |e 1987 Thesis N789  |h Other scheme 
998 f f |a 1987 Thesis N789  |t 0  |l Remote Storage 
998 f f |a 1987 Thesis N789  |t 0  |l Available Online